Statistics for Game of Thrones Character Quiz

Click here to take the quiz!

General Stats

  • This quiz has been taken 651 times
    (637 since last reset)
  • The average score is 11 of 11

Answer Stats

HintAnswer% Correct
The KingslayerJaime Lannister
100%
The Stark BastardJon Snow
100%
The Stark originally set to marry Joffrey LannisterSansa Stark
99%
"Fell" from a tower and lost the use of his legsBrandon Stark
98%
The Half-manTyrion Lannister
98%
LittlefingerPetyr Baelish
95%
The mother of dragonsDaenerys Targaryen
94%
Only says one wordHodor
94%
The SpiderVarys
94%
Above's DirewolfGhost
92%
The Tyrell set to marry Joffrey LannisterMargaery Tyrell
91%

Score Distribution

Percentile by Number Answered

Percent of People with Each Score

Your Score History

You have not taken this quiz since the last reset